000 00323nam a2200121Ia 4500
008 230907s9999||||xx |||||||||||||| ||und||
082 _a621.4831
_bSTA-N
100 _aStacey, Weston M.
_9114927
245 0 _aNuclear reactor physics /
260 _aWiley-VCH,
_bWeinheim :
_c2007
300 _axxviii, 706 p. :
942 _cBK
999 _c596958
_d596958